000 00797nam a2200253 a 4500
001 BRCA_4965
005 20190320204900.0
008 221010d1953----ve-a######---#000-0#spa-#
041 _aspa
044 _ave
050 4 _aPQ530
_b.A78 1953
245 1 0 _aArtes.
260 _aCaracas
_bCompañía Shell de Venezuela
_c1953
300 _a130 p.
_bil.
_c26 cm.
_eÁlbum de fotografías
500 _aJunio. Publicación trimestral
500 _aCon dedicatoria de Manuel J. Santaella a Franz Mayer
500 _aRevista inventariada por Banco de México como libro
500 _aEstado físico: Cubierta deteriorada
500 _aDD19
650 1 4 _aArte venezolano
_vRevistas
_912632
650 1 4 _aArte
_vPublicación periódica
_zCaracas, Venezuela
_912633
902 _aGFM
942 _2lcc
_cB
999 _c4659
_d4659